00477nam a2200181Ia 4500008004100000020001800041050001400059100002000073245003100093245005800124260001400182260003000196260000900226300001500235300002700250300001000277500000800287170918s9999 xx 000 0 und d a9780395459893 bL285 1989 aLangstaff, John aOh, a-hunting we will go / cby John Langstaff ; pictures by Nancy Winslow Parker. aAtlanta : bHoughton Mifflin Company, c1989 a32 pages : bcolored illustration ; c27cm. a300